00994nam a2200241Ia 450000500170000000800410001702000280005802000250008605000210011108200230013224501010015525000170025626000560027330000180032949000280034750400330037550501450040865000160055365000290056970000410059870000420063971000710068120231102150814.0120625s2009 sp a 000 0 spa d a9788483225219 (PEARSON) a9788436258844 (UNED)04aLB1027bD53 200904a371.102bD561 200910aDidáctica generalc/ coordinadores y autores: Antonio Medina Rivilla, Francisco Salvador Mata  a2a edición aMadrid, Españab : Prentice Hallb ; UNEDc, 2009 a470 páginas aColección Didáctica aBibliografía (pp. 466-470)1 aFundamentación Estructura y planifacación del proceso didáctico Enfoques de la acción didáctica Innovación y cultura profesional14aDIDÁCTICA24aENSEÑANZAxAPRENDIZAJE1 aMedina Rivilla, Antonioecoordinador1 aSalvador Mata, Franciscoecoordinador2 aUniversidad Nacional de Educación a Distancia (Madrid, España)